Tetuán en la cartografía española (Record no. 175402)

MARC details
000 -LEADER
campo de control de longitud fija 00954nam a2200241 i 4500
001 - NÚMERO DE CONTROL
campo de control 175402
003 - IDENTIFICADOR DE NÚMERO DE CONTROL
campo de control ES-MaACL
005 - FECHA Y HORA DE LA ÚLTIMA TRANSACCIÓN
campo de control 20250809063537.0
008 - DATOS DE LONGITUD FIJA--INFORMACIÓN GENERAL
campo de control de longitud fija 101026s1994 mr |||| | spa d
080 ## - NÚMERO DE LA CLASIFICACIÓN DECIMAL UNIVERSAL
Número de la Clasificación Decimal Universal 528.9(460)
080 ## - NÚMERO DE LA CLASIFICACIÓN DECIMAL UNIVERSAL
Número de la Clasificación Decimal Universal 94(64 Tetuán)
100 1# - ENTRADA PRINCIPAL--NOMBRE DE PERSONA
Nombre de persona Vilar, Juan Bautista,
Fechas asociadas al nombre 1941-2018
9 (RLIN) 114797
245 10 - MENCIÓN DEL TÍTULO
Título Tetuán en la cartografía española
Resto del título : presentación y estudio de treinta planos originales (1562-1912) /
Mención de responsabilidad, etc. Juan-Bta. Vilar.
260 ## - PUBLICACIÓN, DISTRIBUCIÓN, ETC.
Lugar de publicación, distribución, etc. [Tétouan :
Nombre del editor, distribuidor, etc. Université,
Fecha de publicación, distribución, etc. 1994]
300 ## - DESCRIPCIÓN FÍSICA
Extensión P. 72-88 ;
Dimensiones 21 x 30 cm.
546 ## - NOTA DE IDIOMA
Nota de lengua/lenguaje Texto de la cub. en árabe.
595 ## -
-- Separata de: Actas del Congreso sobre Historia de Tetuán (1860-1912). Tetuán, 1992.
597 ## - NOTA DE DESCRIPCIÓN FÍSICA
NOTA DE DESCRIPCIÓN FÍSICA Ejemplar fotocopiado.
650 #4 - PUNTO DE ACCESO ADICIONAL DE MATERIA--TÉRMINO DE MATERIA
Término de materia o nombre geográfico como elemento de entrada Cartografía-
Subdivisión geográfica España-
Subdivisión general Historia-
Subdivisión de forma Congresos y asambleas.
9 (RLIN) 10806
651 #4 - PUNTO DE ACCESO ADICIONAL DE MATERIA--NOMBRE GEOGRÁFICO
Nombre geográfico Tetuán-
Subdivisión general Historia.
9 (RLIN) 143732
852 ## - LOCALIZACIÓN
Ubicación ES-MaACL
Número de control de estantería 2281-F-23
Nota libre . - Dedicatoria autógrafa del autor
Holdings
Estatus retirado Estado de pérdida Estado de daño No para préstamo Colección Biblioteca de origen Biblioteca actual Ubicación en estantería Fecha de adquisición Fuente de adquisición Total de préstamos Signatura topográfica completa Código de barras Visto por última vez Precio de reemplazo Tipo de ítem Koha
        Colección de folletos Biblioteca del Ateneo de Madrid Biblioteca del Ateneo de Madrid Depósito folletos 26/10/2010     2281-F-23 1184176 23/02/2023 23/02/2023 Folleto